Squadra dell'anno AIC 2014 - Statistics

Statistiche generali
  • Questo quiz è stato fatto 5 volte
  • Il punteggio medio è 10 su 11
Statistiche sulle risposte
Ruolo Nazione Squadra Calciatore % Corretto
Difensore Italia Juventus Andrea Barzagli
100%
Centrocampista Italia Juventus Andrea Pirlo
100%
Centrocampista Cile Juventus Arturo Vidal
100%
Attaccante Argentina Juventus Carlos Tévez
100%
Attaccante Italia Torino Ciro Immobile
100%
Portiere Italia Juventus Gianluigi Buffon
100%
Attaccante Argentina Napoli Gonzalo Higuaín
100%
Difensore Ghana Juventus Kwadwo Asamoah
100%
Centrocampista Francia Juventus Paul Pogba
100%
Difensore Marocco Roma Mehdi Benatia
80%
Difensore Italia Torino Matteo Darmian
60%
Nessun quiz corrispondente trovato
Distribuzione punteggi
Percentuale di utenti per punteggio
Percentile per numero di risposta
I tuoi punteggi nel tempo
Non hai fatto questo quiz